书目信息 |
| 题名: |
举重教学大纲
|
|
| 作者: | ;本书编写组 编 | |
| 分册: | 四年制 | |
| 出版信息: | 北京 高等教育出版社 1985.6 |
|
| 页数: | 7页 | |
| 开本: | 20cm | |
| 丛书名: | ||
| 单 册: | ||
| 中图分类: | G884.2 | |
| 科图分类: | ||
| 主题词: | 体育 | |
| 电子资源: | ||
| ISBN: | ||
| 000 | 00634nam0 2200229 45 | |
| 001 | 0405071435 | |
| 005 | 20040507140944.4 | |
| 010 | @dCNY0.13 | |
| 091 | @a7010.0620 | |
| 100 | @a20040507d1985 km y0chiy0120 ea | |
| 101 | 0 | @achi |
| 105 | @a z 000yy | |
| 200 | 1 | @a举重教学大纲@i四年制@AJu Zhong Jiao Xue Da Gang@f本书编写组编@FBen Shu Bian Xie Zu Bian |
| 210 | @a北京@c高等教育出版社@d1985.6 | |
| 215 | @a7页@d20cm | |
| 300 | @a高等师范院校体育专业 | |
| 517 | @a四年制@ASi Nian Zhi | |
| 606 | 0 | @a体育 |
| 690 | @aG884.2@v3 | |
| 711 | 02 | @a本书编写组@4编 |
| 801 | @aCN@bTSTCL@c20040507 | |
| 905 | @f5@b139293-297@dG884.2@e5 | |
| 举重教学大纲.四年制/本书编写组编.-北京:高等教育出版社,1985.6 |
| 7页;20cm |
| 高等师范院校体育专业 |
| ISBN :CNY0.13 |
| ● |
| 相关链接 |
|
|
|
|
正题名:举重教学大纲
索取号:G884.2/5
 
预约/预借
| 序号 | 登录号 | 条形码 | 馆藏地/架位号 | 状态 | 备注 |
| 1 | 0139293 | 000991653 | 密集书库/ [索取号:G884.2/5] | 在馆 | |
| 2 | 0139294 | 000990887 | 密集书库/ [索取号:G884.2/5] | 在馆 | |
| 3 | 0139295 | 000990814 | 密集书库/ [索取号:G884.2/5] | 在馆 | |
| 4 | 0139296 | 000990823 | 密集书库/ [索取号:G884.2/5] | 在馆 | |
| 5 | 0139297 | 000990878 | 第一样本阅览室/ [索取号:G884.2/5] | 在馆 |